[Event "DVM U14w 2014"]
[Site "Regensburg GER"]
[Date "2014.12.29"]
[Round "5"]
[White "Neumann, Konstantina"]
[Black "Weiten, Anna"]
[Result "0-1"]
[Termination "normal"]
[Board "9.2"]
[WhiteElo "1182"]
[BlackElo "1222"]
[WhiteTeam "Gütersloher SV"]
[BlackTeam "SV 1926 Riegelsberg"]
[PlyCount "116"]
[WhiteFideId "16200543"]
[BlackFideId "12938203"]
[EventCountry "GER"]
[EventRounds "7"]
[EventType "team-swiss"]
[EventDate "2014.12.26"]

1. e4 {[%emt 0:00:00]} e5 2. Nf3 Nc6 3. Nc3 Nf6 4. Bc4 Nxe4 5. Nxe4 d5 6. Bd3
dxe4 7. Bxe4 Bg4 8. d3 Qf6 9. Be3 Qe6 10. O-O a6 11. Qe2 O-O-O 12. Rfe1 Re8 13.
Rad1 f5 14. Bxc6 Qxc6 15. d4 e4 16. d5 Qg6 17. Nh4 Bxe2 18. Nxg6 Bxd1 19. Nxh8
Bh5 20. Bd4 Bd6 21. f4 Bxf4 22. Bxg7 Be5 23. Bxe5 Rxe5 24. Rf1 Rxd5 25. h3 e3
26. Re1 e2 27. Kf2 Rd2 28. g4 fxg4 29. hxg4 Bxg4 30. Nf7 Rxc2 31. Ne5 Bh5 32.
Nd3 Kd7 33. Nf4 Bg4 34. Nxe2 Rxe2+ 35. Rxe2 Bxe2 36. Kxe2 Ke6 37. Ke3 Kf5 38.
Kf3 h5 39. Kg3 Kg5 40. a3 Kf5 41. b3 Ke4 42. Kh4 Kd3 43. Kxh5 Kc3 44. Kg5 Kxb3
45. Kf5 c5 46. Ke4 c4 47. Ke3 c3 48. Ke2 c2 49. Kd2 Kb2 50. Ke2 c1=Q 51. Kf3
Qe1 52. Kg2 Qe4+ 53. Kh2 Kc2 54. Kg3 Kd2 55. Kh2 Qg6 56. Kh3 Ke3 57. Kh2 Kf2
58. Kh3 Qg3# 0-1

[Event "DVM U14w 2014"]
[Site "Regensburg GER"]
[Date "2014.12.29"]
[Round "5"]
[White "Hartmann, Katrin"]
[Black "Neumann, Anna-Alicia"]
[Result "1/2-1/2"]
[Termination "normal"]
[Board "9.3"]
[WhiteElo "1097"]
[BlackElo "1115"]
[WhiteTeam "SV 1926 Riegelsberg"]
[BlackTeam "Gütersloher SV"]
[PlyCount "149"]
[WhiteFideId "16200632"]
[BlackFideId "16200551"]
[EventCountry "GER"]
[EventRounds "7"]
[EventType "team-swiss"]
[EventDate "2014.12.26"]

1. e4 e5 2. Nf3 Nc6 3. Bc4 Nf6 4. d3 Bc5 5. Bg5 d6 6. c3 Bb6 7. Nbd2 Be6 8. Bb5
O-O 9. Nf1 Nb8 10. Ng3 c6 11. Ba4 Ba5 12. b4 Bc7 13. Nh5 Nbd7 14. O-O b5 15.
Bc2 Bg4 16. Ng3 Qe8 17. h3 Bxf3 18. Qxf3 Bd8 19. d4 Qe6 20. Bb3 d5 21. exd5
cxd5 22. dxe5 Qxe5 23. Bf4 Qe6 24. Rfe1 Qc6 25. Rad1 Rc8 26. Bxd5 Nxd5 27. Qxd5
Qxd5 28. Rxd5 Nb6 29. Rd3 Na4 30. Bd6 Nb2 31. Rd4 Bf6 32. Bxf8 Bxd4 33. Bd6
Bxc3 34. Re7 Nd3 35. Rxa7 Bxb4 36. Bxb4 Nxb4 37. Nf5 Re8 38. Nd6 Nc6 39. Rxf7
Re1+ 40. Kh2 Re2 41. Rc7 Ne7 42. Ra7 Ng6 43. Kg3 b4 44. Nf5 Re5 45. Nxg7 Ne7
46. Ne8 Nf5+ 47. Kf4 Rxe8 48. Kxf5 Rf8+ 49. Kg4 Rxf2 50. Ra8+ Kg7 51. Ra7+ Kg8
52. g3 Rf6 53. Rb7 Rg6+ 54. Kf3 Rf6+ 55. Kg2 Ra6 56. Rxb4 Rxa2+ 57. Kf3 Ra3+
58. Kg4 Rc3 59. Rf4 Rc6 60. Rf5 Kg7 61. Rg5+ Rg6 62. Rxg6+ Kxg6 63. h4 h5+ 64.
Kf4 Kf6 65. g4 hxg4 66. Kxg4 Kg6 67. h5+ Kh6 68. Kh4 Kg7 69. Kg5 Kh7 70. h6 Kg8
71. Kg6 Kh8 72. Kh5 Kh7 73. Kg5 Kg8 74. Kg6 Kh8 75. h7 1/2-1/2